MARC

LEADER 00000nas a2200000 a 4500
001 ssj0012560
003 WaSeSS
005 20200512172242.0
006 m d
007 cr n
008 020422c19879999enkqr pss h 0 a0eng c
010 |a  2004216002 
016 7 |a 2068851-9  |2 DE-600 
016 7 |a 002558026  |2 IsJJNL 
022 |a 1553-3905  |l 0892-2160  |y 0892-2160 
030 |a FIHIE6 
035 |a (WaSeSS)ssj0012560 
037 |b Project Muse, 2715 North Charles Street, Baltimore, MD 21218-4319 
040 |a TXU  |b eng  |c TXU  |d OCLCQ  |d NSD  |d MUQ  |d OCLCQ  |d OCL  |d NSD  |d EYM  |d NSD  |d DLC  |d UQ1  |d NSD  |d IUL  |d OCLCQ  |d CUI  |d OCLCQ  |d OCLCO  |d OCLCF  |d CSU  |d J9U  |d OCLCE  |d CCT  |d OCLCO  |d OCLCQ  |d DEBBG  |d VT2  |d DEFHM  |d OCLCO  |d OCLCQ  |d OCLCA  |d ZAC  |d OCLCQ  |d GILDS  |d OCLCO  |d TOF  |d NTG  |d WYU  |d OCLCA  |d AUD  |d U3W  |d TKN  |d OCLCO  |d OCLCQ  |d WaSeSS 
042 |a pcc  |a nsdp  |a dlr 
050 0 0 |a PN1993 
082 1 0 |a 791  |2 14 
130 0 |a Film history (Online) 
222 0 |a Film history  |b (Online) 
245 1 0 |a Film history  |h [electronic resource] :  |b an international journal. 
260 |3 1987-<1992> :  |a New York :  |b Taylor & Francis,  |c [©1987]- 
260 2 |3 1993-2003 :  |a London :  |b John Libbey 
260 3 |3 2004- :  |a London :  |b John Libbey ;  |a Bloomington, IN :  |b Indiana University Press 
310 |a Quarterly 
362 0 |a Vol. 1, no. 1 (1987)- 
500 |a Title from cover (JSTOR, viewed Apr. 18, 2007). 
506 |a License restrictions may limit access. 
515 |a None published, 1991-1992. 
538 |a Master and use copy. Digital master created according to Benchmark for Faithful Digital Reproductions of Monographs and Serials, Version 1. Digital Library Federation, December 2002.  |u http://purl.oclc.org/DLF/benchrepro0212  |5 MiAaHDL 
538 |a Mode of access: World Wide Web. 
583 1 |a digitized  |c 2010  |h HathiTrust Digital Library  |l committed to preserve  |2 pda  |5 MiAaHDL 
588 |a Latest issue consulted: Vol. 19, no. 1 (2007) (Project Muse, viewed June 4, 2007). 
630 0 7 |a Bibel  |p Philemonbrief  |2 gnd 
648 7 |a Geschichte  |0 (DE-836)31372  |2 swd 
650 0 |a Motion pictures  |x History  |v Periodicals. 
650 6 |a Cinéma  |x Histoire  |v Périodiques. 
650 7 |a Motion pictures.  |2 fast  |0 (OCoLC)fst01027285 
650 7 |a Arts, visual and performing.  |2 galestne 
650 7 |a Filmgeschichtsschreibung  |2 gnd 
650 7 |a Cinéma.  |2 rasuqam 
650 7 |a Histoire.  |2 rasuqam 
650 7 |a Aspect social.  |2 rasuqam 
650 7 |a Aspect économique.  |2 rasuqam 
650 7 |a Innovation technologique.  |2 rasuqam 
653 0 |a Arts, visual and performing 
655 0 |a Electronic journals. 
776 0 8 |i Print version:  |t Film history  |x 0892-2160  |w (DLC) 87643946  |w (OCoLC)15122313 
850 |a DLC 
856 4 0 |z Full text available from Research Library: 01/01/1997 to present  |u https://search.proquest.com/publication/33735